<?xml version="1.0" encoding="utf-8"?>
<?xml-stylesheet type='text/xsl' href='./oai2.xsl'?>
<OAI-PMH xmlns="http://www.openarchives.org/OAI/2.0/" xmlns:xsi="http://www.w3.org/2001/XMLSchema-instance" xsi:schemaLocation="http://www.openarchives.org/OAI/2.0/ http://www.openarchives.org/OAI/2.0/OAI-PMH.xsd">
  <responseDate>2026-05-15T20:41:47Z</responseDate>
  <request verb="GetRecord" metadataPrefix="marcxml" identifier="record_kuniweb_681271">https://kulturerbe.niedersachsen.de/oai</request>
  <GetRecord>
    <record>
      <header>
        <identifier>record_kuniweb_681271</identifier>
        <datestamp>2026-03-31T19:09:18Z</datestamp>
        <setSpec>slg0186</setSpec>
      </header>
      <metadata>
        <marc:record xmlns:marc="http://www.loc.gov/MARC21/slim" xsi:schemaLocation="http://www.loc.gov/MARC21/slim http://www.loc.gov/standards/marcxml/schema/MARC21slim.xsd">
          <marc:leader>12345nrm  22     uu 4500</marc:leader>
          <marc:controlfield tag="001">681271</marc:controlfield>
          <marc:controlfield tag="003">http://kuniweb.gbv.de</marc:controlfield>
          <marc:controlfield tag="005">2025-07-29T11:07:20</marc:controlfield>
          <marc:controlfield tag="008">|           ||||||||||||||||||||||</marc:controlfield>
          <marc:datafield tag="245" ind1="1" ind2="0">
            <marc:subfield code="a">Vase</marc:subfield>
          </marc:datafield>
          <marc:datafield tag="720" ind1=" " ind2=" ">
            <marc:subfield code="a">Lotte Reimers</marc:subfield>
          </marc:datafield>
          <marc:datafield tag="655" ind1=" " ind2="7">
            <marc:subfield code="a">Kunsthandwerk</marc:subfield>
          </marc:datafield>
          <marc:datafield tag="046" ind1=" " ind2=" ">
            <marc:subfield code="k">1970</marc:subfield>
            <marc:subfield code="k">1970 (Datierung)</marc:subfield>
          </marc:datafield>
          <marc:datafield tag="260" ind1=" " ind2=" ">
            <marc:subfield code="g">1970</marc:subfield>
            <marc:subfield code="g">1970 (Datierung)</marc:subfield>
          </marc:datafield>
          <marc:datafield tag="300" ind1=" " ind2=" ">
            <marc:subfield code="a">Höhe: 8 cm
Breite: 15,5 cm
Tiefe: 9,5 cm
Breite: 6 cm (Fuß)
Tiefe: 5 cm (Fuß)</marc:subfield>
          </marc:datafield>
          <marc:datafield tag="520" ind1=" " ind2=" ">
            <marc:subfield code="a">Vase mir querovalem Grundriss aus hellem Schamotteton. 
Ovaler Standring mit umlaufendem Punktdekor. Das Gefäß setzt sich zusammen aus zwei auskragenden waagerechten Platten und einem dazwischen eingespannten breiten, wenig tiefen Mittelgrat. Auf der Oberseite nah beieinander, augengleich, die beiden runden Öffnungen mit hochstehenden Wulsträndern. 
Die obere Platte mit dem oberen Abschnitt des Gefäßkörpers sowie die Kante der unteren Platte sind dunkelgrün glasiert mit rostroten Einsprengseln. Die untere Platte und die untere Gefäßpartie sowie der Bereich der Öffnungen sind in Hellolivgrün glasiert.

Heller Schamotteton.
Glasur: Endmoränenlehm (Allgäu), Malachitgestein (Donnersberg, Pfalz), Eierschalen.
Brand: E-Ofen, 1240° C (Büttner)

Aufkleber/Etikett:
"LOTTE REIMERS // 6705 DEIDESHEIM // NIEDERKIRCHNER 77 STR.6 // No. 3" dazu in Rot, im Kreis "45" (in Schwarz auf weißem Aufkleber, unter dem Fuß)

Inschrift:
"LR 70" (Monogramm und Jahreszahl, unter dem Fuß, geritzt)

Aufkleber/Etikett:
"LR m [...] (in Schwarz auf weißem Aufkleber, unter dem Fuß, zum Teil verdeckt)

Aufkleber/Etikett:
"70/91" (in Schwarz auf weißem Aufkleber)

Veröffentlicht in:
L. Reimers und A. Büttner, „Lotte Reimers Keramiken aus 50 Jahren : Städtisches Museum Braunschweig, Haus am Löwenwall, Ausstellung 22. April - 24. Juli 2016“. Michael Imhof Verlag, Petersberg, Kr Fulda, 2016. (S. 26 u. 87, Nr. 10.)</marc:subfield>
          </marc:datafield>
          <marc:datafield tag="650" ind1="1" ind2=" ">
            <marc:subfield code="a">Behältnis, Hülle &gt; Behältnis &gt; Gefäß &gt; Vase</marc:subfield>
          </marc:datafield>
          <marc:datafield tag="650" ind1="1" ind2=" ">
            <marc:subfield code="a">Gebrauchsgegenstand</marc:subfield>
          </marc:datafield>
          <marc:datafield tag="650" ind1="1" ind2=" ">
            <marc:subfield code="a">Zierobjekte</marc:subfield>
          </marc:datafield>
          <marc:datafield tag="773" ind1="0" ind2=" ">
            <marc:subfield code="t">Sammlung Kunstgewerbe</marc:subfield>
          </marc:datafield>
          <marc:datafield tag="852" ind1=" " ind2=" ">
            <marc:subfield code="a">Städtisches Museum Braunschweig</marc:subfield>
          </marc:datafield>
          <marc:datafield tag="852" ind1=" " ind2=" ">
            <marc:subfield code="a">Deidesheim (Rheinland-Pfalz)</marc:subfield>
          </marc:datafield>
          <marc:datafield tag="" ind1=" " ind2=" ">
            <marc:subfield code="a">Urheberrechtsschutz (InC)</marc:subfield>
          </marc:datafield>
        </marc:record>
      </metadata>
    </record>
  </GetRecord>
</OAI-PMH>
